000 01449nam a2200349Ia 4500
001 ebr10395011
003 CaPaEBR
006 m u
007 cr cn|||||||||
008 091214s2010 enk sb 001 0 eng d
010 _z 2009052485
020 _z9780754674924 (hardback : alk. paper)
020 _z9781409404996 (ebook)
040 _aCaPaEBR
_cCaPaEBR
035 _a(OCoLC)754793365
050 1 4 _aRB155
_b.E455 2010eb
082 0 4 _a616/.042072
_222
100 1 _aElger, Bernice.
245 1 0 _aEthical issues of human genetic databases
_h[electronic resource] :
_ba challenge to classical health research ethics? /
_cby Bernice Elger.
260 _aBurlington, VT :
_bAshgate,
_c2010.
300 _axiii, 318 p.
490 1 _aMedical law and ethics
504 _aIncludes bibliographical references and index.
533 _aElectronic reproduction.
_bPalo Alto, Calif. :
_cebrary,
_d2011.
_nAvailable via World Wide Web.
_nAccess may be limited to ebrary affiliated libraries.
650 0 _aMedical genetics
_xDatabases
_xMoral and ethical aspects.
650 0 _aHuman genetics
_xDatabases
_xMoral and ethical aspects.
650 0 _aMedicine
_xResearch
_xMoral and ethical aspects.
655 7 _aElectronic books.
_2local
710 2 _aebrary, Inc.
830 0 _aMedical law and ethics.
856 4 0 _uhttp://site.ebrary.com/lib/rucke/Doc?id=10395011
_zAn electronic book accessible through the World Wide Web; click to view
999 _c87613
_d87613